000 00402 a2200169 4500
003 Nust
005 20170207164336.0
040 _cNust
082 _a025.5
100 _aMann, Thomas
245 _aThe Oxford Guide to Library Research (E BOOK)
_cThomas Mann
250 _a3rd ed.
260 _aNew York
_bOxford University Press
_c2005
300 _a317p
538 _aE Book
650 _a Library Research
942 _2ddc
_cBK
999 _c208709
_d208709